[Event "World Rapid Women 2021"]
[Site "Warsaw POL"]
[Date "2021.12.27"]
[Round "6.21"]
[White "Padmini, Rout"]
[Black "Kurmangaliyeva, Liya"]
[Result "1/2-1/2"]
[WhiteTitle "IM"]
[BlackTitle "FM"]
[WhiteElo "2345"]
[BlackElo "2195"]
[WhiteFideId "5029295"]
[BlackFideId "13725831"]
[EventDate "2021.12.26"]

1. Nf3 d5 2. g3 Nf6 3. Bg2 e6 4. O-O Be7 5. d3 O-O 6. Nbd2 c5 7. e4 Nc6 8. Re1
dxe4 9. dxe4 e5 10. c3 Qc7 11. Qe2 h6 12. Nc4 Be6 13. Nh4 Rfd8 14. a4 a6 15. Nf5
Bf8 16. h4 Kh7 17. Nfe3 Kg8 18. a5 Rab8 19. b3 Bxc4 20. Nxc4 Qd7 21. Nb6 Qe6 22.
Nc4 Rd7 23. f3 Rbd8 24. Kh2 Rd3 25. Bh3 Qe7 26. Bb2 Qc7 27. Bf1 R3d7 28. Bc1 Na7
29. Be3 Nb5 30. Rac1 h5 31. Qc2 Re8 32. Bh3 Rdd8 33. Rcd1 Nd6 34. Nb6 Nb5 35.
Bg5 Be7 36. Nc4 Na7 37. Nb6 Nb5 38. Rd3 Rxd3 39. Qxd3 Rd8 40. Qc2 Na7 41. Rd1
Nc6 42. Bxf6 Bxf6 43. Rxd8+ Qxd8 44. Nc4 Nxa5 45. Nxa5 Qxa5 46. Bf1 Qa1 47. Bc4
Qe1 48. Kg2 b5 49. Bd5 g6 50. Bb7 a5 51. Bc6 b4 52. cxb4 cxb4 53. Bd5 Qc3 54.
Qa2 Qc5 55. Qe2 Kg7 56. Qc4 Qa7 57. Qc6 Bd8 58. Qe8 Bf6 59. Bc4 Qc7 60. Kh3 Qe7
61. Qxe7 Bxe7 62. Bb5 Bc5 63. Kg2 f5 64. exf5 gxf5 65. Be8 Kf6 66. Kf1 e4 67.
fxe4 fxe4 68. Ke2 Ke5 69. Bxh5 a4 70. bxa4 b3 71. Bf7 b2 72. Ba2 Kf5 73. Bb1 Bd6
74. Kf2 Kg4 75. Bxe4 Bxg3+ 76. Ke2 Kxh4 77. a5 Kg5 78. a6 Bb8 79. Bb1 1/2-1/2

[Event "World Rapid Women 2021"]
[Site "Warsaw POL"]
[Date "2021.12.27"]
[Round "6.22"]
[White "Girya, Olga"]
[Black "Rakhmangulova, Anastasiya"]
[Result "1-0"]
[WhiteTitle "GM"]
[BlackTitle "WIM"]
[WhiteElo "2416"]
[BlackElo "2174"]
[WhiteFideId "4195752"]
[BlackFideId "14117479"]
[EventDate "2021.12.26"]

1. d4 Nf6 2. c4 c5 3. d5 e6 4. Nc3 d6 5. e4 g6 6. Nf3 Bg7 7. Bd3 O-O 8. O-O Na6
9. Bg5 h6 10. Bd2 e5 11. Qc1 Nh7 12. Bxh6 f5 13. Bxg7 Kxg7 14. a3 f4 15. h3 Ng5
16. Be2 Rh8 17. Rd1 Nxh3+ 18. gxh3 Bxh3 19. Rd3 Rh5 20. Bf1 Qd7 21. Nh2 Rah8 22.
Qd1 Bxf1 23. Nxf1 Rg5+ 24. Ng3 Qh3 25. Qf3 fxg3 26. fxg3 Qh2+ 27. Kf1 Qh1+ 28.
Qxh1 Rxh1+ 29. Kg2 Rxa1 30. Nb5 Rb1 31. Rb3 b6 32. Nxa7 Nc7 33. Rxb6 Ne8 34. Nc8
Rh5 35. Rb7+ Kf6 36. Rb6 Kg5 37. a4 Kg4 38. a5 Rhh1 39. a6 Rhc1 40. Kf2 Rc2+ 41.
Ke3 Rcxb2 42. a7 Rb3+ 43. Kd2 Nc7 44. Rxd6 g5 45. Rc6 Na8 46. d6 R1b2+ 47. Kc1
Ra2 48. d7 Rf3 49. d8=Q Rf1+ 50. Qd1+ Rxd1+ 51. Kxd1 Kxg3 52. Rxc5 Kf4 53. Ne7
g4 54. Ng6+ Ke3 55. Rxe5 g3 56. Nh4 Rh2 57. Re8 Nc7 58. Nf5+ Kf3 59. Nxg3 Kxg3
60. Rc8 Ra2 61. Rxc7 Kf3 62. Re7 Ke3 63. Kc1 Kd4 64. Kb1 Ra6 65. Rc7 Kc3 66. e5
Rb6+ 67. Kc1 Ra6 68. Kd1 Kd3 69. Ke1 Ke3 70. Kf1 Kf3 71. Rf7+ Kg3 72. e6 Ra1+
73. Ke2 Ra6 74. e7 1-0

[Event "World Rapid Women 2021"]
[Site "Warsaw POL"]
[Date "2021.12.27"]
[Round "6.23"]
[White "Kashlinskaya, Alina"]
[Black "Garcia Martin, Marta"]
[Result "0-1"]
[WhiteTitle "IM"]
[BlackTitle "IM"]
[WhiteElo "2490"]
[BlackElo "2325"]
[WhiteFideId "4198026"]
[BlackFideId "32084030"]
[EventDate "2021.12.26"]

1. d4 d5 2. c4 e6 3. Nc3 a6 4. cxd5 exd5 5. Qb3 c5 6. Qxd5 cxd4 7. Qxd8+ Kxd8 8.
Nd5 Be6 9. Nf4 Bf5 10. Nf3 Nc6 11. a3 Nf6 12. g3 Bd6 13. Bg2 Re8 14. O-O Kc7 15.
Rd1 Rad8 16. Bd2 Kb6 17. Kf1 h6 18. Be1 g5 19. Nd3 Re7 20. Rac1 Rde8 21. Rc2 Ne4
22. Rdc1 Nc5 23. Rxc5 Bxc5 24. Nxc5 Rxe2 25. Nd2 Rxe1+ 26. Rxe1 Rxe1+ 27. Kxe1
Kxc5 28. Nb3+ Kc4 29. Nd2+ Kd3 30. Kd1 Bg4+ 31. f3 Be6 32. Ne4 Ke3 33. Bf1 Bb3+
34. Ke1 d3 35. Nd2 Bd5 36. Bg2 f5 37. Nf1+ Kd4 38. Kd2 f4 39. gxf4 gxf4 40. h4
Ne5 41. Nh2 Nc4+ 42. Ke1 Nxb2 43. Bh3 Kc3 44. Nf1 Nc4 45. Bg4 d2+ 46. Ke2 Kc2
47. Bf5+ Kc1 0-1

[Event "World Rapid Women 2021"]
[Site "Warsaw POL"]
[Date "2021.12.27"]
[Round "6.24"]
[White "Socko, Monika"]
[Black "Fernandez, Maria Florencia"]
[Result "1-0"]
[WhiteTitle "GM"]
[BlackTitle "WIM"]
[WhiteElo "2393"]
[BlackElo "2229"]
[WhiteFideId "1106619"]
[BlackFideId "116459"]
[EventDate "2021.12.26"]

1. d4 Nf6 2. c4 g6 3. Nc3 Bg7 4. e4 d6 5. Nf3 O-O 6. Be2 e5 7. Be3 exd4 8. Nxd4
Nbd7 9. O-O Re8 10. f3 Ne5 11. Qd2 Bd7 12. Rad1 Nc6 13. Nxc6 Bxc6 14. Bg5 Qe7
15. Nd5 Bxd5 16. cxd5 Qe5 17. Bb5 Rec8 18. Rfe1 Nh5 19. Re2 Bf6 20. Be3 c6 21.
Bc4 b5 22. Bb3 c5 23. g4 c4 24. f4 Qe8 25. Bc2 Ng7 26. g5 Bxb2 27. Qb4 c3 28.
Qxd6 a6 29. Bd4 Nh5 30. Qe5 Qxe5 31. Bxe5 Rd8 32. Re3 Rac8 33. d6 Ba3 34. d7 Bc5
35. Kf2 Rc6 36. Kf3 Bxe3 37. Kxe3 Kf8 38. Bd6+ Rxd6 39. Rxd6 Ke7 40. Rxa6 Rxd7
41. Rc6 b4 42. Bb3 Rd2 43. Rc7+ Kd6 44. Rxf7 Rxh2 45. e5+ Kc6 46. e6 Ng3 47. e7
Nf5+ 48. Rxf5 Kd7 49. Re5 1-0

[Event "World Rapid Women 2021"]
[Site "Warsaw POL"]
[Date "2021.12.27"]
[Round "6.25"]
[White "Injac, Teodora"]
[Black "Balajayeva, Khanim"]
[Result "0-1"]
[WhiteTitle "WGM"]
[BlackTitle "WGM"]
[WhiteElo "2407"]
[BlackElo "2376"]
[WhiteFideId "932400"]
[BlackFideId "13406396"]
[EventDate "2021.12.26"]

1. Nf3 Nf6 2. c4 e6 3. d4 b6 4. a3 Ba6 5. Qc2 Bb7 6. Nc3 c5 7. e4 cxd4 8. Nxd4
Nc6 9. Nxc6 Bxc6 10. Be2 Bc5 11. e5 Ng8 12. O-O Qc7 13. Bf4 g5 14. Bxg5 Qxe5 15.
Bh4 Ne7 16. Bg3 Qg7 17. Ne4 Nf5 18. b4 Bd4 19. Rad1 h5 20. Bf3 h4 21. Bf4 Rc8
22. Qe2 Rg8 23. Rd3 e5 24. Rfd1 Kf8 25. Bc1 Ba4 26. Re1 Rxc4 27. Nd2 Rc8 28. Qe4
Qg6 29. h3 Bc6 30. Qg4 Qh7 31. Ne4 Rxg4 32. hxg4 Ne7 33. Bg5 Bxe4 34. Bxe4 Qg7
35. Bxh4 d5 36. Bxe7+ Kxe7 37. Bxd5 Qxg4 38. Rf3 f6 39. Be4 Qg5 40. Rf5 Rc1 41.
Rxc1 Qxc1+ 42. Kh2 Qxa3 43. b5 Qb2 0-1

[Event "World Rapid Women 2021"]
[Site "Warsaw POL"]
[Date "2021.12.27"]
[Round "6.26"]
[White "Nurgali, Nazerke"]
[Black "Maltsevskaya, Aleksandra"]
[Result "1-0"]
[WhiteTitle "WIM"]
[BlackTitle "IM"]
[WhiteElo "2260"]
[BlackElo "2400"]
[WhiteFideId "13711261"]
[BlackFideId "24174041"]
[EventDate "2021.12.26"]

1. d4 Nf6 2. Nf3 b6 3. c4 Bb7 4. Nc3 g6 5. g3 Bg7 6. Bg2 O-O 7. O-O Ne4 8. Qc2
Nxc3 9. bxc3 c5 10. e4 d6 11. Be3 Nc6 12. Rfd1 Qc7 13. d5 Na5 14. Nd2 Ba6 15.
Bf1 e5 16. dxe6 fxe6 17. Rac1 Rad8 18. Qa4 Bb7 19. Bg2 Bc6 20. Qc2 Qb7 21. Qd3
Ba4 22. Re1 Nc6 23. Qe2 Ne5 24. f4 Nf7 25. h4 Bc6 26. h5 d5 27. hxg6 hxg6 28.
cxd5 exd5 29. exd5 Bxd5 30. Bxd5 Qxd5 31. Qg4 Rfe8 32. Qxg6 Rd6 33. Qg4 Rde6 34.
Nf1 Nh6 35. Qh3 Nf5 36. Bf2 Rxe1 37. Rxe1 Rxe1 38. Bxe1 Qe4 39. Bd2 Qd3 40. Qg4
Kf7 41. Qh5+ Ke7 42. g4 Ng3 43. Qh4+ Kf7 44. Qxg3 Qc2 45. f5 Qe4 46. Qc7+ Kg8
47. Qd8+ Kf7 48. Qd7+ Kf8 49. g5 Qg4+ 50. Kf2 Qh4+ 51. Ng3 Qh2+ 52. Kf3 Be5 53.
Qd8+ Kf7 54. g6+ Kg7 55. Qd5 1-0

[Event "World Rapid Women 2021"]
[Site "Warsaw POL"]
[Date "2021.12.27"]
[Round "6.27"]
[White "Kulon, Klaudia"]
[Black "Beydullayeva, Govhar"]
[Result "1-0"]
[WhiteTitle "IM"]
[BlackTitle "WIM"]
[WhiteElo "2335"]
[BlackElo "2290"]
[WhiteFideId "1131044"]
[BlackFideId "13413015"]
[EventDate "2021.12.26"]

1. d4 Nf6 2. Bg5 d5 3. Bxf6 gxf6 4. e3 c5 5. dxc5 Nc6 6. Nf3 e6 7. Bb5 Bxc5 8.
O-O Bd7 9. c4 a6 10. Ba4 dxc4 11. Nbd2 b5 12. Bc2 Nb4 13. Be4 Bc6 14. a3 Nd5 15.
Qc2 f5 16. Bxd5 Qxd5 17. Rad1 Rg8 18. Rfe1 O-O-O 19. e4 fxe4 20. Nxe4 Qf5 21.
Rxd8+ Rxd8 22. h3 Bxe4 23. Rxe4 Rd3 24. Re5 Qf4 25. Rxc5+ Kb7 26. Qe2 Qd6 27.
Qe5 Rd1+ 28. Kh2 Qd7 29. a4 Kb6 30. a5+ Kxa5 31. Rxc4 f6 32. Qc5 Qd6+ 33. Qxd6
Rxd6 34. Rc7 h5 35. Rc5 Kb4 36. Rc3 Rd1 37. Re3 e5 38. g4 hxg4 39. hxg4 Rb1 40.
Re2 a5 41. g5 fxg5 42. Nxe5 Kb3 43. Nc6 a4 44. Nd4+ Kc4 45. Nf3 b4 46. Re4+ Kc5
47. Ne5 Rd1 48. Kg3 Rd2 49. Kf3 Kd5 50. Ke3 Rxb2 51. Nd3 Rb3 52. Re5+ Kd6 53.
Rxg5 a3 54. Ra5 Kc6 55. Kd4 Kb6 56. Ra8 Rb1 57. Kc4 Rd1 58. f4 Rf1 59. Kxb4 Rf3
60. Kc4 1-0

[Event "World Rapid Women 2021"]
[Site "Warsaw POL"]
[Date "2021.12.27"]
[Round "6.28"]
[White "Nur-Mukhametova, Alisa"]
[Black "Movsesian, Julia"]
[Result "1/2-1/2"]
[BlackTitle "WGM"]
[WhiteElo "2225"]
[BlackElo "2300"]
[WhiteFideId "54117739"]
[BlackFideId "4139690"]
[EventDate "2021.12.26"]

1. d4 d5 2. c4 e6 3. Nc3 Be7 4. Nf3 Nf6 5. Bf4 O-O 6. e3 c5 7. dxc5 Bxc5 8. Be2
Nc6 9. cxd5 exd5 10. O-O Be6 11. Rc1 Bd6 12. Bxd6 Qxd6 13. Nb5 Qe7 14. a3 Rfd8
15. Nbd4 Rac8 16. Qa4 Nxd4 17. Nxd4 a6 18. Qb4 Qxb4 19. axb4 Ne4 20. Rfd1 Kf8
21. f3 Nd6 22. Kf2 Ke7 23. Nb3 Rxc1 24. Rxc1 Rc8 25. Rc5 Nc4 26. Rxc8 Bxc8 27.
Bxc4 dxc4 28. Na5 b5 29. e4 g5 30. Ke3 Kd6 31. Kd4 f6 32. g3 h5 33. f4 h4 34.
fxg5 fxg5 35. b3 hxg3 36. hxg3 cxb3 37. Nxb3 Kc6 38. Ke5 Bh3 39. Na5+ Kc7 40.
Kf6 Kd6 41. Nb3 Bc8 42. Nd4 Bh3 43. Ne2 Bc8 44. Nc3 Bh3 45. e5+ Kd7 46. Kxg5 Ke6
47. Kf4 a5 48. Nxb5 axb4 49. Ke4 Bg2+ 50. Kd4 b3 51. Kc3 Kxe5 52. Kxb3 1/2-1/2

[Event "World Rapid Women 2021"]
[Site "Warsaw POL"]
[Date "2021.12.27"]
[Round "6.29"]
[White "Kazarian, Anna-Maja"]
[Black "Muetsch, Annmarie"]
[Result "0-1"]
[WhiteTitle "FM"]
[BlackTitle "WIM"]
[WhiteElo "2138"]
[BlackElo "2279"]
[WhiteFideId "1033689"]
[BlackFideId "12971367"]
[EventDate "2021.12.26"]

1. e4 c5 2. Nc3 Nc6 3. Bb5 Nd4 4. Bc4 e6 5. Nf3 Nf6 6. e5 d5 7. Bb3 Nd7 8. Ba4
a6 9. Bxd7+ Bxd7 10. O-O Nxf3+ 11. Qxf3 Be7 12. Qg3 O-O 13. d4 Kh8 14. Be3 Qb6
15. Qg4 Qxb2 16. Nxd5 Bd8 17. c3 Bc6 18. Nf4 Qc2 19. d5 exd5 20. Bxc5 Re8 21.
Rfe1 Ba5 22. Rac1 Qa4 23. Bd4 Qa3 24. Nh5 Qf8 25. Re3 Re6 26. Nf4 Rae8 27. Nxe6
Rxe6 28. f4 Bd8 29. f5 Rh6 30. e6 Rh4 31. Qg3 Re4 32. Rce1 Bh4 33. Bxg7+ Qxg7
34. Qb8+ Qg8 35. Qxg8+ Kxg8 36. g3 Be7 37. Rxe4 dxe4 38. Kf2 fxe6 39. fxe6 Bc5+
40. Ke2 Bb5+ 41. Kd2 e3+ 42. Kc2 e2 43. c4 Bxc4 44. Kc3 b5 45. a4 Bf2 46. e7
Bxe1+ 47. Kd4 0-1

[Event "World Rapid Women 2021"]
[Site "Warsaw POL"]
[Date "2021.12.27"]
[Round "6.30"]
[White "Salimova, Nurgyul"]
[Black "Goraj, Barbara"]
[Result "1/2-1/2"]
[WhiteTitle "IM"]
[BlackTitle "WCM"]
[WhiteElo "2353"]
[BlackElo "2044"]
[WhiteFideId "2915138"]
[BlackFideId "21816166"]
[EventDate "2021.12.26"]

1. d4 Nf6 2. Nf3 g6 3. Nbd2 Bg7 4. e4 d6 5. Bd3 O-O 6. O-O c5 7. c3 cxd4 8. cxd4
Nc6 9. Re1 b6 10. a3 Nd7 11. Nb3 Bb7 12. Be3 Rc8 13. Qd2 e5 14. d5 Ne7 15. Rac1
f5 16. Bh6 fxe4 17. Bxe4 Rxc1 18. Qxc1 Nf6 19. Bxg7 Kxg7 20. Ng5 Bc8 21. f4
Nexd5 22. Bxd5 Nxd5 23. fxe5 Nf4 24. Ne4 Nd3 25. Qc3 Nxe1 26. exd6+ Kg8 27. Qxe1
Bf5 28. Nbd2 Qd7 29. Qe3 Qe6 30. Qd4 h6 31. h3 h5 32. Kh2 h4 33. Ng5 Qf6 34.
Qd5+ Kh8 35. Ndf3 b5 36. Kh1 a5 37. Qb7 Qg7 38. Qxb5 Rd8 39. Qb6 Rc8 40. Qxa5
Qf6 41. Qb4 Kg8 42. Qb3+ Kh8 43. Qb4 Kg8 44. a4 Bd7 45. Qb3+ Kg7 46. Qb4 Rc1+
47. Kh2 Rc6 48. Qxh4 Qxd6+ 49. Qg3 Qxg3+ 50. Kxg3 Rc2 51. b4 Bxa4 52. Ne6+ Kf6
53. Nc5 Bc6 54. Nd3 Rc3 55. Nde5 Bxf3 56. Nxf3 Rb3 57. Kf2 Rxb4 58. Kg3 Kf5 59.
Nh4+ Kg5 60. Nf3+ Kf6 61. Kf2 Rb2+ 62. Kg3 Ra2 63. Nd4 g5 64. Nf3 Kf5 65. Nd4+
Kg6 66. Nf3 Kh5 67. Nd4 Ra3+ 68. Nf3 Ra4 69. Ne5 Rb4 70. Nf3 g4 71. hxg4+ Rxg4+
72. Kf2 Ra4 73. Kg3 Ra2 74. Kh3 Kg6 75. Kg3 Ra3 76. Kf4 Ra4+ 77. Kg3 Kf5 78.
Nh4+ Ke4 79. Nf3 Ke3 80. Nh4 Rf4 81. Nf3 Rf8 82. Nh4 Rg8+ 83. Kh2 Kf4 84. Kh3
Rg7 85. Nf3 Rh7+ 86. Nh4 Kg5 87. g3 Rf7 88. Ng2 Ra7 89. Nf4 Ra1 90. Ne6+ Kf5 91.
Ng7+ Kf6 92. Nh5+ Kg5 93. Nf4 Rh1+ 94. Kg2 Rb1 95. Kh3 Kf5 96. Nd5 Rb8 97. Ne7+
Kg5 98. Nd5 Rh8+ 99. Kg2 Re8 100. Kh3 Ra8 101. Ne3 Ra3 102. Nd5 Kf5 103. Nf4 Ke4
104. Kh4 Kf3 105. Nh5 Ra4+ 106. Nf4 Rb4 107. Kh3 Rb1 108. Kh2 Rb8 109. Ng6 Rg8
110. Ne5+ Ke4 111. Nd7 Rg6 112. Nc5+ Kf3 113. Nb3 Rh6+ 114. Kg1 Kxg3 115. Kf1
Rb6 116. Nd2 Re6 117. Nb3 Re8 118. Nd2 Rd8 119. Ke2 Kf4 120. Nb3 Rb8 121. Nd2
Ke5 122. Ke3 Ra8 123. Kd3 Ra3+ 124. Kc4 Rh3 125. Nb3 Rh4+ 126. Kc3 Kd5 127. Nc1
Rc4+ 128. Kd2 Ke4 129. Ne2 Rc8 130. Nc3+ Kf3 131. Kd3 Rd8+ 132. Kc4 Ke3 133.
Nd5+ Ke4 134. Nc3+ Ke5 135. Ne2 Rc8+ 136. Kd3 Ra8 137. Nc3 Rd8+ 1/2-1/2

[Event "World Rapid Women 2021"]
[Site "Warsaw POL"]
[Date "2021.12.27"]
[Round "6.31"]
[White "Wikar, Martyna"]
[Black "Mamedjarova, Zeinab"]
[Result "1-0"]
[WhiteTitle "WFM"]
[BlackTitle "WGM"]
[WhiteElo "2168"]
[BlackElo "2249"]
[WhiteFideId "21807663"]
[BlackFideId "13401521"]
[EventDate "2021.12.26"]

1. e4 e5 2. Nf3 Nf6 3. Nxe5 d6 4. Nf3 Nxe4 5. Nc3 Nxc3 6. dxc3 Nc6 7. Bc4 Be7 8.
Be3 Bf5 9. Qd2 Qd7 10. O-O-O O-O-O 11. Bxf7 Bf6 12. Bd5 Kb8 13. Nd4 Nxd4 14.
cxd4 Qb5 15. Bb3 a5 16. a4 Qa6 17. Rhe1 h6 18. Qe2 Qb6 19. d5 Qb4 20. Qc4 Qxc4
21. Bxc4 Rhf8 22. c3 Bg4 23. f3 Bd7 24. Bb5 c6 25. dxc6 bxc6 26. Bc4 d5 27. Bd3
Kb7 28. Bc5 Rfe8 29. Kc2 Be5 30. Bg6 Bxh2 31. Bxe8 Rxe8 32. Rxe8 Bxe8 33. Re1
Bg6+ 34. Kb3 Bd3 35. Re7+ Kc8 36. Rxg7 Be5 37. Re7 Bf4 38. g4 Bg5 39. Rf7 Kd8
40. f4 Bh4 41. Rf8+ Kd7 42. Rh8 Bg3 43. Be3 Be2 44. Rh7+ Kc8 45. Rg7 Bd1+ 46.
Ka3 c5 47. Bxc5 Bxf4 48. b4 Bc1+ 49. Ka2 axb4 50. cxb4 Bxa4 51. Bb6 Bd7 52. Kb1
Bd2 53. Bc5 d4 54. Kc2 Bc3 55. Rg8+ Kc7 56. Rg7 Kc8 57. Rg8+ Kc7 58. Rg7 Kc8 59.
Rg6 Ba4+ 60. Kd3 Bb5+ 61. Kc2 Ba4+ 62. Kc1 d3 63. Be3 Bxb4 64. Rxh6 Bc2 65. Ra6
Kd7 66. g5 Bb3 67. Rb6 Ba3+ 68. Kd2 Bc4 69. g6 Bd6 70. Kc3 Be6 71. Rb5 Kc6 72.
Ra5 Bc7 73. Rc5+ Kd6 74. Kxd3 Bb6 75. Rg5 Bxe3 76. Kxe3 Ke7 77. Kf4 Kf6 78. g7
Bg8 79. Kg4 Kf7 80. Kh5 Kf6 81. Kh6 Ke7 82. Re5+ Kf6 83. Re8 Kf7 84. Rf8+ 1-0

[Event "World Rapid Women 2021"]
[Site "Warsaw POL"]
[Date "2021.12.27"]
[Round "6.32"]
[White "Zawadzka, Jolanta"]
[Black "Vantika, Agrawal"]
[Result "1-0"]
[WhiteTitle "WGM"]
[BlackTitle "WGM"]
[WhiteElo "2426"]
[BlackElo "2381"]
[WhiteFideId "1122320"]
[BlackFideId "25050389"]
[EventDate "2021.12.26"]

1. e4 c5 2. Nf3 d6 3. Bb5+ Nd7 4. Ba4 Nf6 5. O-O e6 6. c4 Be7 7. Nc3 O-O 8. d4
cxd4 9. Nxd4 a6 10. Qe2 Qc7 11. Kh1 Ne5 12. Bb3 Bd7 13. f4 Nc6 14. Nf3 Na5 15.
e5 Ne8 16. f5 Nxb3 17. axb3 exf5 18. Nd5 Qd8 19. Be3 Be6 20. Rad1 Bxd5 21. Rxd5
Qc8 22. Nd4 dxe5 23. Nxf5 Bf6 24. Bc5 Nc7 25. Bxf8 Kxf8 26. Rxe5 Ne6 27. Rd5 Qc7
28. Qd2 Re8 29. Rd7 Qc6 30. Qd6+ Qxd6 31. Nxd6 Rd8 32. Rxd8+ Nxd8 33. Re1 Be7
34. Nf5 Bf6 35. Rd1 Ke8 36. Nd6+ Ke7 37. Nc8+ Ke8 38. Rd2 g6 39. g3 Be5 40. Kg2
Nc6 41. Nd6+ Bxd6 42. Rxd6 Ke7 43. Rd2 f5 44. Kf3 g5 45. Ke3 Ke6 46. h4 h6 47.
hxg5 hxg5 48. Rh2 Ke5 49. Rh7 f4+ 50. gxf4+ gxf4+ 51. Kd3 Nb4+ 52. Ke2 b6 53.
Kf3 Nc6 54. Rh5+ Kd6 55. Kxf4 Na5 56. Rxa5 bxa5 57. Ke4 Kc5 58. Kd3 Kb4 59. Kd4
Kxb3 60. c5 Kxb2 61. c6 a4 62. c7 a3 63. c8=Q a2 64. Qc3+ Kb1 65. Qb3+ Ka1 66.
Kc3 a5 67. Qb2# 1-0

[Event "World Rapid Women 2021"]
[Site "Warsaw POL"]
[Date "2021.12.27"]
[Round "6.33"]
[White "Utiatskaja, Irina"]
[Black "Bulmaga, Irina"]
[Result "1-0"]
[WhiteTitle "WIM"]
[BlackTitle "IM"]
[WhiteElo "2184"]
[BlackElo "2390"]
[WhiteFideId "24140848"]
[BlackFideId "13903063"]
[EventDate "2021.12.26"]

1. e4 c5 2. Nf3 d6 3. d4 cxd4 4. Nxd4 Nf6 5. Nc3 a6 6. Be3 e5 7. Nf3 Be7 8. Bc4
O-O 9. O-O Be6 10. Bb3 Nc6 11. Bg5 Nd7 12. Qd2 Bxg5 13. Nxg5 Bxb3 14. cxb3 Nd4
15. f4 h6 16. Nf3 Nxf3+ 17. Rxf3 Nf6 18. Kh1 exf4 19. Rxf4 Rc8 20. Raf1 Nh7 21.
Rg4 Kh8 22. Qd4 Ng5 23. Rd1 Re8 24. h4 Ne6 25. Qxd6 h5 26. Rg3 Qxh4+ 27. Rh3 Qg4
28. Qh2 Rc5 29. Rf1 Kg8 30. Rg3 Qf4 31. Rxf4 Nxf4 32. Rxg7+ Kxg7 33. Qxf4 Rce5
34. Nd5 R8e6 35. Nc3 Kg6 36. Kh2 Rg5 37. b4 Rf6 38. Qe3 Re6 39. Ne2 Ree5 40.
Nf4+ Kf6 41. Qd4 Ke7 42. Nd5+ Kf8 43. Nf6 Ke7 44. Nh7 b5 45. Nxg5 Rxg5 46. Qa7+
Kf6 47. Qxa6+ Kg7 48. a4 bxa4 49. b5 1-0

[Event "World Rapid Women 2021"]
[Site "Warsaw POL"]
[Date "2021.12.27"]
[Round "6.34"]
[White "Smirnova, Ekaterina"]
[Black "Zhukova, Natalia"]
[Result "0-1"]
[WhiteTitle "WIM"]
[BlackTitle "GM"]
[WhiteElo "2196"]
[BlackElo "2335"]
[WhiteFideId "4110943"]
[BlackFideId "14101513"]
[EventDate "2021.12.26"]

1. d4 Nf6 2. c4 c5 3. d5 b5 4. Nd2 bxc4 5. e4 c3 6. bxc3 d6 7. Ngf3 g6 8. Rb1
Bg7 9. Bd3 O-O 10. O-O Nbd7 11. h3 Nh5 12. Qc2 Nf4 13. Bb5 Nb6 14. Nc4 Nxc4 15.
Bxc4 e5 16. Bb5 Rb8 17. Bxf4 exf4 18. c4 f5 19. Rb3 fxe4 20. Qxe4 Bf5 21. Qe2
Bf6 22. Re1 Rb7 23. Qd2 g5 24. Nh2 h5 25. h4 Rg7 26. hxg5 Bxg5 27. Nf3 Bh6 28.
Kf1 Kh7 29. Bc6 Qc8 30. Qb2 Rfg8 31. Rb7 Bd3+ 32. Kg1 Qg4 33. Rxg7+ Rxg7 0-1

[Event "World Rapid Women 2021"]
[Site "Warsaw POL"]
[Date "2021.12.27"]
[Round "6.35"]
[White "Maisuradze, Nino"]
[Black "Kiolbasa, Oliwia"]
[Result "0-1"]
[WhiteTitle "WGM"]
[BlackTitle "WIM"]
[WhiteElo "2202"]
[BlackElo "2399"]
[WhiteFideId "13601717"]
[BlackFideId "1154613"]
[EventDate "2021.12.26"]

1. d4 d5 2. Nf3 Nf6 3. e3 e6 4. Bd3 c5 5. b3 b6 6. Nbd2 Bb7 7. Bb2 Bd6 8. a3 O-O
9. O-O Nbd7 10. Ne5 Ne4 11. Bxe4 dxe4 12. Nxd7 Qxd7 13. dxc5 Bxc5 14. b4 Be7 15.
Qg4 f6 16. Nxe4 Qc6 17. f3 Rf7 18. Nc3 f5 19. b5 Qxc3 0-1

[Event "World Rapid Women 2021"]
[Site "Warsaw POL"]
[Date "2021.12.27"]
[Round "6.36"]
[White "Sliwicka, Alicja"]
[Black "Smietanska, Wiktoria"]
[Result "1-0"]
[WhiteTitle "WIM"]
[BlackTitle "CM"]
[WhiteElo "2289"]
[BlackElo "1910"]
[WhiteFideId "1150677"]
[BlackFideId "21869359"]
[EventDate "2021.12.26"]

1. e4 c5 2. Nf3 d6 3. d4 cxd4 4. Nxd4 Nf6 5. f3 a6 6. c4 Nc6 7. Nc3 e6 8. Be2
Be7 9. Be3 O-O 10. O-O Rb8 11. Rc1 Bd7 12. a3 Nxd4 13. Bxd4 Bc6 14. b4 b5 15.
cxb5 axb5 16. a4 bxa4 17. b5 Bd7 18. Qxa4 Ra8 19. Qb3 Qb8 20. Ra1 Qb7 21. Rfb1
Rfb8 22. Qc2 Bd8 23. Ra6 d5 24. e5 Ne8 25. Rba1 Nc7 26. Ra7 Rxa7 27. Rxa7 Qc8
28. b6 Nb5 29. Bxb5 Bxb5 30. Qb2 Bc6 31. Qb4 Rb7 32. Bc5 Qb8 33. Rxb7 Qxb7 34.
Qa5 h6 35. Ne2 Be7 36. Nd4 Bxc5 37. Qxc5 Bd7 38. Qc7 Bc8 39. Qxb7 Bxb7 40. Nb5
d4 41. Nd6 d3 42. Kf2 Ba6 43. Ke3 Kf8 44. b7 Bxb7 45. Nxb7 1-0

[Event "World Rapid Women 2021"]
[Site "Warsaw POL"]
[Date "2021.12.27"]
[Round "6.37"]
[White "Jakubowska, Anna"]
[Black "Lach, Aleksandra"]
[Result "1/2-1/2"]
[WhiteTitle "WIM"]
[BlackTitle "WIM"]
[WhiteElo "2106"]
[BlackElo "2198"]
[WhiteFideId "1121952"]
[BlackFideId "1134299"]
[EventDate "2021.12.26"]

1. e4 c5 2. Nc3 Nc6 3. g3 g6 4. Bg2 Bg7 5. d3 d6 6. Nh3 Nf6 7. O-O O-O 8. f4 Bg4
9. Qd2 Nd4 10. f5 gxf5 11. Nf4 e5 12. Nfd5 Nxd5 13. Nxd5 fxe4 14. dxe4 Be6 15.
Ne3 Bh6 16. Qd1 Bxe3+ 17. Bxe3 f6 18. c3 Nc6 19. Qh5 Qe8 20. Qh4 Qd8 21. Rad1
Qe7 22. Bh6 Rf7 23. Bf3 f5 24. Qxe7 Nxe7 25. Bh5 Ng6 26. Rxd6 Re8 27. Rxe6 Rxe6
28. exf5 Ref6 29. g4 Rd6 30. g5 Nh4 31. Bxf7+ Kxf7 32. f6 e4 33. Kf2 Nf5 34. Rg1
Rd2+ 35. Ke1 Rxb2 36. Rg4 Rxh2 37. Rxe4 Rh1+ 38. Kd2 Nxh6 39. Re7+ Kf8 40. gxh6
Rxh6 41. Rxb7 Rxf6 42. Rxh7 Rf2+ 43. Kd3 Rxa2 44. Kc4 Ra3 45. Rc7 Ke8 46. Rxc5
Kd7 47. Kb4 Ra1 48. Ra5 Rxa5 49. Kxa5 Kc6 1/2-1/2

[Event "World Rapid Women 2021"]
[Site "Warsaw POL"]
[Date "2021.12.27"]
[Round "6.38"]
[White "Alymbai kyzy, Aizhan"]
[Black "Strutinskaia, Galina"]
[Result "1/2-1/2"]
[BlackTitle "WGM"]
[WhiteElo "1889"]
[BlackElo "2142"]
[WhiteFideId "13800043"]
[BlackFideId "4108558"]
[EventDate "2021.12.26"]

1. e4 c5 2. c3 Nf6 3. e5 Nd5 4. d4 cxd4 5. Nf3 d6 6. cxd4 Nc6 7. Bc4 e6 8. O-O
Be7 9. exd6 Qxd6 10. Nc3 Nxc3 11. bxc3 Bd7 12. Bb3 Rc8 13. Bc2 Qc7 14. Re1 Nb4
15. Be4 Nd5 16. Bxd5 exd5 17. Ba3 Be6 18. Qa4+ Qc6 19. Qxa7 Bxa3 20. Qxa3 Qxc3
21. Qa4+ Qc6 22. Qa3 Qc3 23. Qa4+ Qc6 24. Qa3 Qc3 25. Qa4+ 1/2-1/2